Normal view MARC view
  • Anderson,David F

Entry Personal Name

Number of records used in: 2

001 - CONTROL NUMBER

  • control field: 83779

003 - CONTROL NUMBER IDENTIFIER

  • control field: NUST

005 - DATE AND TIME OF LATEST TRANSACTION

  • control field: 20211110123443.0

008 - FIXED-LENGTH DATA ELEMENTS

  • fixed length control field: 211110|| aca||aabn | a|a d

040 ## - CATALOGING SOURCE

  • Original cataloging agency: NUST
  • Transcribing agency: NUST

100 ## - HEADING--PERSONAL NAME

  • Personal name: Anderson,David F

670 ## - SOURCE DATA FOUND

  • Source citation: Work cat.: (NUST)32360: Anderson,David F., Understanding Flight /, 2010.
© 2023 Central Library, National University of Sciences and Technology. All Rights Reserved.